00465nam a2200121Ia 4500008004100000082001700041100003200058245007900090300000700169942000700176999001700183952014300200190415s9999 xx 000 0 und d a371.82 NAT-M aAligarh Muslim University/a 0aMinority education in India: issues of access, equity and inclusion:report a84 cBK c17105d17105 00104070aNASSDOCbNASSDOCd2011-05-02eGifted by : IC Divisioni2011-04-25l0o371.82 NAT-Mp47242r2019-04-18 00:00:00w2019-04-18yBK